[Event "BL2-Ost 2223"]
[Site "Germany"]
[Date "2023.02.25"]
[Round "7.2"]
[White "Yelisieiev, Yevhenii"]
[Black "Braeuer, Franz"]
[Result "0-1"]
[WhiteElo "2398"]
[BlackElo "2443"]
[PlyCount "80"]
[EventDate "2022.10.22"]
[EventType "team-tourn"]
[EventRounds "10"]
[EventCountry "GER"]
[SourceTitle "EXT 2024"]
[Source "ChessBase"]
[SourceDate "2023.10.10"]
[SourceVersion "1"]
[SourceVersionDate "2023.10.10"]
[SourceQuality "1"]
[WhiteTeam "Nuernberg NT"]
[BlackTeam "Goeggingen"]
[WhiteTeamCountry "GER"]
[BlackTeamCountry "GER"]

1. d4 Nf6 2. c4 e6 3. Nc3 Bb4 4. Qc2 d5 5. a3 Bxc3+ 6. Qxc3 Ne4 7. Qc2 c5 8. dxc5 Nc6 9. Nf3 Qa5+ 10. Bd2 Qxc5 11. e3 Nxd2 12. Qxd2 dxc4 13. Qc3 Qa5 14. Bxc4 Qxc3+ 15. bxc3 Bd7 16. 0-0-0 Ke7 17. Kb2 Rhc8 18. Bb5 Rc7 19. Bxc6 Bxc6 20. Nd4 Bxg2 21. Rhg1 Be4 22. Nb5 Rc5 23. c4 g6 24. Kb3 Bc6 25. Nd4 Bd7 26. Nf3 Rac8 27. Rg4 e5 28. Rh4 Be6 29. Nd2 b5 30. Rxh7 bxc4+ 31. Kc3 Ra5 32. Ra1 Rd8 33. a4 Rad5 34. Ne4 Rd3+ 35. Kc2 Bf5 36. Ng3 Rd2+ 37. Kc3 R8d3+ 38. Kb4 Rb3+ 39. Ka5 Rd5+ 40. Ka6 Bc8+ 0-1

[Event "BL2-Ost 2223"]
[Site "Germany"]
[Date "2023.02.04"]
[Round "5.1"]
[White "Braeuer, Franz"]
[Black "Stocek, Jiri"]
[Result "0-1"]
[WhiteElo "2443"]
[BlackElo "2555"]
[PlyCount "112"]
[EventDate "2022.10.22"]
[EventType "team-tourn"]
[EventRounds "10"]
[EventCountry "GER"]
[SourceTitle "EXT 2024"]
[Source "ChessBase"]
[SourceDate "2023.10.10"]
[SourceVersion "1"]
[SourceVersionDate "2023.10.10"]
[SourceQuality "1"]
[WhiteTeam "Goeggingen"]
[BlackTeam "Regensburg Bavaria"]
[WhiteTeamCountry "GER"]
[BlackTeamCountry "GER"]

1. e4 c5 2. Nf3 d6 3. d4 cxd4 4. Nxd4 Nf6 5. Nc3 g6 6. Be3 Nc6 7. f3 h5 8. Qd2 Nxd4 9. Bxd4 Bh6 10. Bb5+ Kf8 11. Qf2 Qa5 12. 0-0 e5 13. Be3 Bxe3 14. Qxe3 Be6 15. Ba4 Qc5 16. Qf2 Rc8 17. Bb3 Ke7 18. Rad1 a6 19. Na4 Qxf2+ 20. Rxf2 b5 21. Nc3 Rc6 22. Rdd2 Rd8 23. Rfe2 Rc5 24. Nd1 a5 25. Nf2 Rc7 26. h4 Nd7 27. Nd1 Nb6 28. Ne3 Rc5 29. c3 a4 30. Bxe6 Kxe6 31. a3 f5 32. Rd1 Nc4 33. Nd5 Rf8 34. Rd3 Rf7 35. Rd1 Rc8 36. Ne3 fxe4 37. fxe4 Rf4 38. Nd5 Rxh4 39. Rf1 Rxe4 40. Rxe4 Kxd5 41. Re2 e4 42. Rf6 e3 43. Kf1 Ke4 44. Rxg6 Rf8+ 45. Ke1 d5 46. Rg3 Rf4 47. Rh3 h4 48. g3 hxg3 49. Rxg3 Kd3 50. Rg5 d4 51. Rd5 Nd2 52. Rxd4+ Rxd4 53. cxd4 Nf3+ 54. Kd1 Nxd4 55. Re1 e2+ 56. Kc1 Nb3+ 0-1

[Event "Bayern-chI Bank Hofmann 25th"]
[Site "Tegernsee"]
[Date "2022.11.12"]
[Round "8"]
[White "Weber, Ulrich"]
[Black "Braeuer, Franz"]
[Result "1/2-1/2"]
[WhiteElo "2344"]
[BlackElo "2447"]
[PlyCount "148"]
[EventDate "2022.11.05"]
[EventType "swiss"]
[EventRounds "9"]
[EventCountry "GER"]
[SourceTitle "CBM 211 Extra"]
[Source "ChessBase"]
[SourceDate "2023.01.31"]
[SourceVersion "1"]
[SourceVersionDate "2023.01.31"]
[SourceQuality "1"]

1. Nf3 d5 2. g3 Nd7 3. d4 Nb6 4. b3 Bf5 5. Nh4 Bg4 6. f3 Bd7 7. Ng2 e6 8. Bb2 Nf6 9. Nf4 c5 10. e3 Rc8 11. Nd3 cxd4 12. exd4 Qc7 13. c3 Bd6 14. Bg2 a5 15. a4 0-0 16. 0-0 Bc6 17. Re1 Nbd7 18. Ba3 b6 19. Bxd6 Qxd6 20. Na3 Rfd8 21. Qd2 Qb8 22. Bf1 Ne8 23. Nf4 Ndf6 24. Nd3 Nd6 25. Ne5 Nd7 26. Bd3 Nf8 27. Kg2 Be8 28. Bf1 Rc7 29. Rec1 Qb7 30. g4 Re7 31. Re1 f6 32. Nd3 Ng6 33. Nf4 Nxf4+ 34. Qxf4 Nf7 35. Qd2 Bc6 36. Kg1 e5 37. Bg2 Rde8 38. Nc2 Nh8 39. f4 e4 40. Ne3 Nf7 41. c4 Rd7 42. Qc3 Nd6 43. Rac1 Qa8 44. Re2 Rc8 45. Qa1 Rdd8 46. Rec2 Bb7 47. c5 Ne8 48. cxb6 Rxc2 49. Rxc2 Rd6 50. Rc5 Rxb6 51. Qc3 Qb8 52. Nxd5 Bxd5 53. Rxd5 Rxb3 54. Qc4 Rb4 55. Qc6 Rb6 56. Rb5 Rxc6 57. Rxb8 Rc1+ 58. Kf2 Rc2+ 59. Kg3 Kf7 60. Rb7+ Kf8 61. Bxe4 Rc3+ 62. Kf2 Nd6 63. Rb8+ Ke7 64. Bxh7 Rh3 65. Bg6 Rxh2+ 66. Kg3 Ra2 67. Rg8 Ra3+ 68. Kf2 Rxa4 69. Rxg7+ Kf8 70. Rd7 Rxd4 71. Ke3 Rd5 72. Ke2 Rd4 73. Ke3 Rd5 74. Ke2 Rd4 1/2-1/2

[Event "Bayern-chI Bank Hofmann 25th"]
[Site "Tegernsee"]
[Date "2022.11.09"]
[Round "5"]
[White "Braeuer, Franz"]
[Black "Asadzade, Idris"]
[Result "1-0"]
[WhiteElo "2447"]
[BlackElo "2209"]
[PlyCount "117"]
[EventDate "2022.11.05"]
[EventType "swiss"]
[EventRounds "9"]
[EventCountry "GER"]
[SourceTitle "CBM 211 Extra"]
[Source "ChessBase"]
[SourceDate "2023.01.31"]
[SourceVersion "1"]
[SourceVersionDate "2023.01.31"]
[SourceQuality "1"]

1. e4 e6 2. d4 d5 3. e5 c5 4. c3 Nc6 5. Nf3 cxd4 6. cxd4 Nge7 7. Na3 Nf5 8. Nc2 Be7 9. Bd3 Qb6 10. 0-0 Bd7 11. Kh1 0-0-0 12. Rb1 h5 13. b4 Kb8 14. a4 Rc8 15. Bd2 f6 16. b5 Na5 17. Qe1 Bd8 18. Bb4 Nc4 19. Ne3 Nfxe3 20. fxe3 fxe5 21. Bxc4 dxc4 22. a5 Qc7 23. b6 axb6 24. axb6 Qxb6 25. Nxe5 Bb5 26. Bc5 Rxc5 27. Nd7+ Bxd7 28. Rxb6 Rc8 29. Rb1 Bc6 30. e4 Bc7 31. Qe2 Rhf8 32. Qxc4 Bxe4 33. Rxf8 Rxf8 34. Rf1 Rf5 35. Rxf5 Bxf5 36. Qc5 g6 37. Kg1 Bf4 38. g3 Bc7 39. Kf2 Bd8 40. Qd6+ Kc8 41. Kf3 Bc7 42. Qe7 Bd8 43. Qg7 b6 44. Kg2 Be4+ 45. Kf2 Bf5 46. Qe5 Bc7 47. Qe3 Bh3 48. Qe4 Bf5 49. Qc6 Kb8 50. Kg2 Bd8 51. h3 Bc7 52. Qd7 Be4+ 53. Kf2 Bf5 54. g4 hxg4 55. hxg4 Bxg4 56. d5 exd5 57. Qxg4 Kb7 58. Ke3 Kc6 59. Kd4 1-0

[Event "Bundesliga 2122"]
[Site "Germany"]
[Date "2022.07.10"]
[Round "15.2"]
[White "Braeuer, Franz"]
[Black "Meessen, Rudolf"]
[Result "1/2-1/2"]
[WhiteElo "2428"]
[BlackElo "2226"]
[PlyCount "91"]
[EventDate "2022.03.05"]
[EventType "team-tourn"]
[EventRounds "15"]
[EventCountry "GER"]
[SourceTitle "CBM 209 Extra"]
[Source "ChessBase"]
[SourceDate "2022.09.30"]
[SourceVersion "1"]
[SourceVersionDate "2022.09.30"]
[SourceQuality "1"]
[WhiteTeam "Augsburg"]
[BlackTeam "Aachen"]
[WhiteTeamCountry "GER"]
[BlackTeamCountry "GER"]

1. e4 d6 2. d4 Nf6 3. Nc3 e5 4. Nf3 exd4 5. Nxd4 Be7 6. g3 0-0 7. Bg2 Re8 8. 0-0 Bf8 9. b3 Na6 10. Bb2 Nc5 11. Re1 c6 12. Qd2 a5 13. a4 Qc7 14. Rad1 Bg4 15. f3 Bd7 16. g4 h6 17. Kh1 Rad8 18. Qf4 Ne6 19. Qg3 Nxd4 20. Rxd4 Qb6 21. Rdd1 Qc5 22. Rd2 d5 23. e5 Nh7 24. Ne2 f6 25. Nf4 fxe5 26. Nd3 Qb6 27. Bxe5 c5 28. Red1 Rc8 29. f4 d4 30. Nb2 Qg6 31. f5 Qa6 32. Nc4 Bc6 33. h4 Nf6 34. Bxf6 Bxg2+ 35. Rxg2 Qxf6 36. Rf1 g5 37. Qf3 Rc7 38. hxg5 Qxg5 39. Rh2 Rf7 40. Rh5 Qf6 41. Kg2 Rg7 42. Qd5+ Kh8 43. Kf3 Rg5 44. Rfh1 Rxh5 45. Rxh5 b6 46. Rh2 1/2-1/2

[Event "Bundesliga 2122"]
[Site "Germany"]
[Date "2022.07.08"]
[Round "12.1"]
[White "Braeuer, Franz"]
[Black "Schmidek, Emil"]
[Result "1-0"]
[WhiteElo "2428"]
[BlackElo "2383"]
[PlyCount "109"]
[EventDate "2022.03.05"]
[EventType "team-tourn"]
[EventRounds "15"]
[EventCountry "GER"]
[SourceTitle "CBM 209 Extra"]
[Source "ChessBase"]
[SourceDate "2022.09.30"]
[SourceVersion "1"]
[SourceVersionDate "2022.09.30"]
[SourceQuality "1"]
[WhiteTeam "Augsburg"]
[BlackTeam "Berlin SF"]
[WhiteTeamCountry "GER"]
[BlackTeamCountry "GER"]

1. e4 c6 2. d4 d5 3. e5 Bf5 4. Nd2 e6 5. Nb3 Nd7 6. Nf3 c5 7. dxc5 Bxc5 8. Nxc5 Nxc5 9. Be2 Ne7 10. Nd4 a6 11. 0-0 Qc7 12. f4 0-0 13. c3 b5 14. Be3 Rac8 15. Qd2 Ne4 16. Qe1 Nc5 17. Rd1 Na4 18. Bc1 Be4 19. Qf2 Nf5 20. Bg4 Nxd4 21. Rxd4 Nc5 22. Be3 f5 23. exf6 Rxf6 24. Rdd1 Bf5 25. Be2 Bc2 26. Bxc5 Qxc5 27. Qxc5 Rxc5 28. Rd4 Rf8 29. g3 Be4 30. Rb4 Kf7 31. Ra1 Bc2 32. Rc1 Be4 33. Kf2 Ke7 34. Ke3 Kd6 35. Ra1 e5 36. a4 exf4+ 37. gxf4 a5 38. Rxb5 Rf6 39. Rg1 Rxb5 40. axb5 Rh6 41. Rxg7 Rh3+ 42. Rg3 Rxh2 43. c4 dxc4 44. Bxc4 Bg6 45. b3 Rc2 46. Rg5 a4 47. Rd5+ Kc7 48. Rc5+ Kb6 49. Rc6+ Ka5 50. b6 Rc3+ 51. Kd4 Rf3 52. b7 Rxf4+ 53. Kc3 Rf3+ 54. Kb2 Rf2+ 55. Ka3 1-0

[Event "Bundesliga 2122"]
[Site "Germany"]
[Date "2022.07.07"]
[Round "11.2"]
[White "Giemsa, Stephan"]
[Black "Braeuer, Franz"]
[Result "0-1"]
[WhiteElo "2281"]
[BlackElo "2428"]
[PlyCount "90"]
[EventDate "2022.03.05"]
[EventType "team-tourn"]
[EventRounds "15"]
[EventCountry "GER"]
[SourceTitle "CBM 209 Extra"]
[Source "ChessBase"]
[SourceDate "2022.09.30"]
[SourceVersion "1"]
[SourceVersionDate "2022.09.30"]
[SourceQuality "1"]
[WhiteTeam "Koenig Tegel"]
[BlackTeam "Augsburg"]
[WhiteTeamCountry "GER"]
[BlackTeamCountry "GER"]

1. d4 Nf6 2. Nf3 d5 3. c4 e6 4. g3 Be7 5. Bg2 0-0 6. 0-0 c6 7. Qc2 b6 8. Nbd2 Bb7 9. e4 Na6 10. e5 Nd7 11. cxd5 Nb4 12. Qb3 Nxd5 13. Ne4 c5 14. dxc5 Nxc5 15. Nxc5 Bxc5 16. Bg5 Qc7 17. Rac1 Rfc8 18. Rfe1 h6 19. Bd2 Qd7 20. a3 a5 21. Qd3 Rd8 22. Qc4 Ne7 23. Bc3 Rac8 24. Qg4 Nf5 25. Nd2 Bd4 26. Bxd4 Nxd4 27. Bxb7 Qxb7 28. Rxc8 Qxc8 29. Ne4 Qc2 30. b4 a4 31. Nd6 Nf5 32. Rd1 Qb3 33. Rd2 Rd7 34. Qe4 Qxa3 35. Qc6 Rd8 36. Qc7 Rf8 37. Qc4 Qa1+ 38. Kg2 Qxe5 39. Nc8 b5 40. Qc6 h5 41. Nb6 Qe1 42. Rd3 Qxb4 43. Nd7 Qc4 44. Qf3 Re8 45. Ne5 Qc7 0-1

[Event "Bundesliga 2122"]
[Site "Germany"]
[Date "2022.05.15"]
[Round "8.1"]
[White "Vallejo Pons, Francisco"]
[Black "Braeuer, Franz"]
[Result "1/2-1/2"]
[WhiteElo "2704"]
[BlackElo "2428"]
[PlyCount "136"]
[EventDate "2022.03.05"]
[EventType "team-tourn"]
[EventRounds "15"]
[EventCountry "GER"]
[SourceTitle "EXT 2023"]
[Source "ChessBase"]
[SourceDate "2022.10.05"]
[SourceVersion "1"]
[SourceVersionDate "2022.10.05"]
[SourceQuality "1"]
[WhiteTeam "Baden-Baden"]
[BlackTeam "Augsburg"]
[WhiteTeamCountry "GER"]
[BlackTeamCountry "GER"]

1. Nf3 d5 2. g3 Nf6 3. Bg2 e6 4. 0-0 Be7 5. d3 c5 6. Nbd2 b5 7. e4 Bb7 8. Re1 Nc6 9. Qe2 b4 10. e5 Nd7 11. h4 h6 12. Nf1 Qc7 13. N1h2 0-0 14. Bf4 Rfc8 15. Ng4 Bf8 16. c4 bxc3 17. bxc3 Rab8 18. Qd2 Qd8 19. Rac1 Ba8 20. Red1 Rb6 21. Ne3 Rcb8 22. d4 Rb2 23. Rc2 Qb6 24. Rdc1 Rxc2 25. Rxc2 Qb1+ 26. Bf1 a5 27. a4 c4 28. Kh2 Ne7 29. Be2 Bc6 30. Ra2 Nf5 31. Bd1 Nxe3 32. Bxe3 Qd3 33. Bc2 Qxd2 34. Nxd2 h5 35. Bd1 g6 36. Kg1 Be7 37. Kf1 Kf8 38. Ke1 Ke8 39. Bc2 Nb6 40. Nf3 Kd7 41. Bc1 Ke8 42. Bf4 Kf8 43. Kd2 Kg7 44. Ra1 Nd7 45. Be3 Rb2 46. Kc1 Rb8 47. Ng5 Nf8 48. f3 Nd7 49. Bf4 Nb6 50. Bd2 Nd7 51. Be3 Nb6 52. Nh3 Nd7 53. Nf4 Nf8 54. Bf2 Nd7 55. Bg1 Nf8 56. Be3 Nd7 57. Bf2 Rh8 58. Kd2 Nb6 59. Ng2 Nd7 60. Be3 Rb8 61. Bf2 Nb6 62. g4 Rh8 63. Rb1 Nd7 64. Rg1 Kf8 65. Bg3 Nb6 66. Rb1 Nd7 67. Rh1 Nb6 68. Rb1 Nd7 1/2-1/2

[Event "BL2-Ost 1920"]
[Site "Germany"]
[Date "2019.11.24"]
[Round "4.2"]
[White "Braeuer, Franz"]
[Black "Schwabeneder, Florian"]
[Result "1-0"]
[WhiteElo "2429"]
[BlackElo "2403"]
[PlyCount "53"]
[EventDate "2019.10.19"]
[EventType "team-tourn"]
[EventRounds "11"]
[EventCountry "GER"]
[SourceTitle "CBM 194 Extra"]
[Source "ChessBase"]
[SourceDate "2020.03.31"]
[SourceVersion "1"]
[SourceVersionDate "2020.03.31"]
[SourceQuality "1"]
[WhiteTeam "Erfurt"]
[BlackTeam "Passau"]
[WhiteTeamCountry "GER"]
[BlackTeamCountry "GER"]

1. e4 e6 2. d4 d5 3. Nd2 c5 4. exd5 Qxd5 5. Ngf3 cxd4 6. Bc4 Qd7 7. 0-0 Nc6 8. Nb3 Nf6 9. Qe2 a6 10. a4 Qc7 11. Rd1 e5 12. Nbxd4 Nxd4 13. Rxd4 Bc5 14. Rh4 Ng4 15. Kf1 f6 16. b4 Ba7 17. Bb2 Qe7 18. b5 Bc5 19. Re1 Bb4 20. Rd1 a5 21. h3 Nh6 22. Nxe5 fxe5 23. Rxh6 gxh6 24. Qh5+ Kf8 25. Qxh6+ Ke8 26. Qh5+ Kf8 27. Rd8+ 1-0

[Event "BL2-Ost 1920"]
[Site "Germany"]
[Date "2019.11.23"]
[Round "3.2"]
[White "Delchev, Aleksander"]
[Black "Braeuer, Franz"]
[Result "1/2-1/2"]
[WhiteElo "2558"]
[BlackElo "2429"]
[PlyCount "77"]
[EventDate "2019.10.19"]
[EventType "team-tourn"]
[EventRounds "11"]
[EventCountry "GER"]
[SourceTitle "CBM 194 Extra"]
[Source "ChessBase"]
[SourceDate "2020.03.31"]
[SourceVersion "1"]
[SourceVersionDate "2020.03.31"]
[SourceQuality "1"]
[WhiteTeam "Deggendorf"]
[BlackTeam "Erfurt"]
[WhiteTeamCountry "GER"]
[BlackTeamCountry "GER"]

1. e4 e5 2. Nf3 Nc6 3. Bb5 a6 4. Ba4 Nf6 5. Bxc6 dxc6 6. d3 Nd7 7. Be3 Bd6 8. Nbd2 0-0 9. 0-0 Re8 10. c3 c5 11. a4 Nb8 12. h3 Nc6 13. Nc4 Be6 14. Ng5 Bxc4 15. dxc4 Be7 16. Nf3 Qxd1 17. Rfxd1 b6 18. Rd5 Bd6 19. b3 f6 20. Kf1 Kf7 21. Ke2 Red8 22. Kd1 Bf8 23. Kc2 Ke8 24. g4 a5 25. g5 Ne7 26. Rxd8+ Rxd8 27. h4 Nc8 28. Nh2 Nd6 29. f3 Kf7 30. Ng4 Re8 31. h5 Re6 32. Rd1 Ke8 33. Bc1 fxg5 34. Bxg5 Nf7 35. Bh4 Bd6 36. Rg1 Be7 37. Bxe7 Kxe7 38. Ne3 g6 39. hxg6 1/2-1/2

[Event "Bayern-chI Bank Hofmann 23rd"]
[Site "Tegernsee"]
[Date "2019.10.31"]
[Round "6"]
[White "Nehyba, Martin"]
[Black "Braeuer, Franz"]
[Result "0-1"]
[WhiteElo "2129"]
[BlackElo "2429"]
[PlyCount "96"]
[EventDate "2019.10.26"]
[EventType "swiss"]
[EventRounds "9"]
[EventCountry "GER"]
[SourceTitle "CBM 192 Extra"]
[Source "Chessbase"]
[SourceDate "2019.11.06"]
[SourceVersion "1"]
[SourceVersionDate "2019.11.06"]
[SourceQuality "1"]

1. e4 e5 2. Nf3 Nc6 3. Bc4 Bc5 4. c3 Nf6 5. d3 d6 6. Bb3 0-0 7. Nbd2 a5 8. a4 Be6 9. h3 Re8 10. Bc2 h6 11. Nf1 d5 12. Qe2 Nd7 13. g4 Nf8 14. Ng3 Ng6 15. Nf5 Bf8 16. Rg1 Nf4 17. Bxf4 exf4 18. 0-0-0 g6 19. N5d4 Nxd4 20. Nxd4 Bd7 21. Qf3 c5 22. Ne2 d4 23. Qxf4 b5 24. Bb3 Qe7 25. g5 hxg5 26. Rxg5 c4 27. dxc4 bxa4 28. Ba2 Qxe4 29. Qxe4 Rxe4 30. Ng3 Rh4 31. Rd5 Be6 32. R5xd4 Rxh3 33. Rd8 Rxd8 34. Rxd8 Kg7 35. Ra8 Rh2 36. Rxa5 Rxf2 37. Rxa4 Bd6 38. Ne4 Bf4+ 39. Kb1 Re2 40. c5 Re1+ 41. Kc2 Bxa2 42. Nd2 Bh6 43. Rxa2 Re2 44. c6 Rxd2+ 45. Kb1 Rd8 46. b4 Rd1+ 47. Kc2 Rd2+ 48. Kb3 Rxa2 0-1

[Event "Bayern-chI Bank Hofmann 23rd"]
[Site "Tegernsee"]
[Date "2019.10.30"]
[Round "5"]
[White "Braeuer, Franz"]
[Black "Friesen, Viktor"]
[Result "1-0"]
[WhiteElo "2429"]
[BlackElo "2170"]
[PlyCount "57"]
[EventDate "2019.10.26"]
[EventType "swiss"]
[EventRounds "9"]
[EventCountry "GER"]
[SourceTitle "CBM 192 Extra"]
[Source "Chessbase"]
[SourceDate "2019.11.06"]
[SourceVersion "1"]
[SourceVersionDate "2019.11.06"]
[SourceQuality "1"]

1. e4 e5 2. Nf3 Nc6 3. d4 exd4 4. Nxd4 Bc5 5. Nb3 Bb6 6. Nc3 Nf6 7. Bg5 0-0 8. Bd3 h6 9. Bh4 d6 10. h3 Re8 11. 0-0 Be6 12. Kh1 Ne5 13. f4 Nxd3 14. Qxd3 Bxb3 15. axb3 c6 16. Rad1 Bc7 17. Qf3 Qe7 18. e5 dxe5 19. Ne4 Rad8 20. Rxd8 Bxd8 21. Bxf6 gxf6 22. Qg4+ Kh8 23. Qh5 Qf8 24. Rd1 exf4 25. Nd6 Bc7 26. Nxf7+ Kg7 27. Qxh6+ Kxf7 28. Qh7+ Ke6 29. Qd7+ 1-0

[Event "Bayern-chI Bank Hofmann 23rd"]
[Site "Tegernsee"]
[Date "2019.10.28"]
[Round "3"]
[White "Braeuer, Franz"]
[Black "Schmidt, Gerhard3333"]
[Result "1-0"]
[WhiteElo "2429"]
[BlackElo "2118"]
[PlyCount "89"]
[EventDate "2019.10.26"]
[EventType "swiss"]
[EventRounds "9"]
[EventCountry "GER"]
[SourceTitle "CBM 192 Extra"]
[Source "Chessbase"]
[SourceDate "2019.11.06"]
[SourceVersion "1"]
[SourceVersionDate "2019.11.06"]
[SourceQuality "1"]

1. e4 c5 2. Nf3 d6 3. d4 cxd4 4. Nxd4 Nf6 5. Nc3 a6 6. Be3 e5 7. Nf3 Be7 8. Nd2 Ng4 9. Nc4 Nxe3 10. Nxe3 Nc6 11. Bc4 0-0 12. 0-0 Be6 13. Ncd5 Bg5 14. a3 Rc8 15. Qd3 Kh8 16. Ba2 g6 17. Kh1 Bh6 18. c3 Bg7 19. Nb4 Re8 20. Nxc6 Rxc6 21. Bd5 Rc7 22. Rfd1 Bf8 23. a4 Bc8 24. Bb3 Kg7 25. a5 Rc5 26. Ba4 Re6 27. b4 Rc6 28. Nd5 Qh4 29. Bxc6 bxc6 30. Nb6 Bb7 31. Ra2 f5 32. f3 g5 33. g3 Qh3 34. Qf1 Qh5 35. exf5 Re8 36. g4 Qf7 37. c4 c5 38. bxc5 d5 39. c6 Bxc6 40. cxd5 Bb5 41. Qf2 Bd6 42. Qe3 Kf6 43. Rc2 Qf8 44. Rc6 Bxc6 45. dxc6 1-0

[Event "Pardubice Czech op-A 30th"]
[Site "Pardubice"]
[Date "2019.07.26"]
[Round "8"]
[White "Kenneskog, Theodor"]
[Black "Braeuer, Franz"]
[Result "1/2-1/2"]
[WhiteElo "2284"]
[BlackElo "2445"]
[PlyCount "42"]
[EventDate "2019.07.19"]
[EventType "swiss"]
[EventRounds "9"]
[EventCountry "CZE"]
[SourceTitle "CBM 191"]
[Source "ChessBase"]
[SourceDate "2019.08.31"]
[SourceVersion "1"]
[SourceVersionDate "2019.08.31"]
[SourceQuality "1"]

1. d4 Nf6 2. c4 e6 3. Nf3 d5 4. Nc3 c6 5. Bg5 Nbd7 6. cxd5 exd5 7. e3 h6 8. Bh4 g5 9. Bg3 Nh5 10. Bd3 Nxg3 11. hxg3 Bg7 12. 0-0 Nb6 13. b4 Be6 14. b5 c5 15. dxc5 Bxc3 16. Rc1 Bg7 17. cxb6 Qxb6 18. Qd2 0-0 19. a4 Rfc8 20. Nd4 Rxc1 21. Rxc1 Rc8 1/2-1/2

[Event "Pardubice Czech op-A 30th"]
[Site "Pardubice"]
[Date "2019.07.24"]
[Round "6"]
[White "Dixit, Nikhil"]
[Black "Braeuer, Franz"]
[Result "1-0"]
[WhiteElo "2318"]
[BlackElo "2445"]
[PlyCount "53"]
[EventDate "2019.07.19"]
[EventType "swiss"]
[EventRounds "9"]
[EventCountry "CZE"]
[SourceTitle "CBM 191"]
[Source "ChessBase"]
[SourceDate "2019.08.31"]
[SourceVersion "1"]
[SourceVersionDate "2019.08.31"]
[SourceQuality "1"]

1. e4 c5 2. Nf3 d6 3. d4 cxd4 4. Nxd4 Nf6 5. Nc3 a6 6. h3 e5 7. Nde2 h5 8. Bg5 Be6 9. Qd2 Nbd7 10. f4 Nc5 11. f5 Bd7 12. Qe3 Be7 13. Bxf6 Bxf6 14. b4 Bg5 15. Qf3 Na4 16. Nxa4 Bxa4 17. c4 h4 18. Nc3 Bc6 19. Rd1 Bf4 20. Bd3 Bg3+ 21. Kf1 b5 22. cxb5 axb5 23. Bxb5 Bxb5+ 24. Nxb5 0-0 25. Nc3 Ra3 26. Rd3 Qb6 27. Nd5 1-0

[Event "Pardubice Czech op-A 30th"]
[Site "Pardubice"]
[Date "2019.07.22"]
[Round "4"]
[White "Berdnyk, Mariia"]
[Black "Braeuer, Franz"]
[Result "0-1"]
[WhiteElo "2247"]
[BlackElo "2445"]
[PlyCount "96"]
[EventDate "2019.07.19"]
[EventType "swiss"]
[EventRounds "9"]
[EventCountry "CZE"]
[SourceTitle "CBM 191"]
[Source "ChessBase"]
[SourceDate "2019.08.31"]
[SourceVersion "1"]
[SourceVersionDate "2019.08.31"]
[SourceQuality "1"]

1. d4 Nf6 2. c4 e6 3. g3 d5 4. Nf3 Be7 5. Bg2 0-0 6. 0-0 c6 7. Qc2 b6 8. Nbd2 Bb7 9. e4 Na6 10. a3 c5 11. e5 Nd7 12. cxd5 exd5 13. Re1 Nc7 14. Nf1 Ne6 15. Ne3 Re8 16. Bh3 Bf8 17. Bf5 h6 18. Ng4 Rc8 19. Qd1 cxd4 20. Bxe6 Rxe6 21. Nxd4 Re8 22. Bf4 h5 23. Ne3 Nxe5 24. Qxh5 g6 25. Qd1 Bg7 26. Bxe5 Rxe5 27. Qd2 Re4 28. Nec2 Rc4 29. Nf3 Bxb2 30. Rxe4 Rxe4 31. Rd1 Bf6 32. Ncd4 Kg7 33. h4 Qd7 34. Qc3 Qa4 35. Rd2 Qc4 36. Qa1 Bc8 37. Qb1 Bg4 38. Kg2 Rxd4 39. Nxd4 Bxd4 40. f3 Be6 41. h5 gxh5 42. Qh1 Be3 43. Rb2 h4 44. gxh4 Qc3 45. Re2 Qd3 46. Rb2 d4 47. Qh2 Qf5 48. Qd6 Qh3# 0-1

[Event "Pardubice Czech op-A 30th"]
[Site "Pardubice"]
[Date "2019.07.21"]
[Round "3"]
[White "Braeuer, Franz"]
[Black "Singh, S Vikramjit"]
[Result "1-0"]
[WhiteElo "2445"]
[BlackElo "2164"]
[PlyCount "75"]
[EventDate "2019.07.19"]
[EventType "swiss"]
[EventRounds "9"]
[EventCountry "CZE"]
[SourceTitle "CBM 191"]
[Source "ChessBase"]
[SourceDate "2019.08.31"]
[SourceVersion "1"]
[SourceVersionDate "2019.08.31"]
[SourceQuality "1"]

1. e4 c5 2. Nf3 d6 3. d4 cxd4 4. Nxd4 Nf6 5. Nc3 Nc6 6. Bg5 e6 7. Qd2 a6 8. 0-0-0 h6 9. Nxc6 bxc6 10. Bf4 d5 11. Qe3 Be7 12. Be2 0-0 13. e5 Nd7 14. h4 f6 15. exf6 Rxf6 16. g4 e5 17. Bg3 Bb7 18. Kb1 Qb6 19. Qxb6 Nxb6 20. Bxe5 Re6 21. Bc7 Na4 22. Bd3 Nxc3+ 23. bxc3 Bc8 24. f4 Ra7 25. Be5 Ba3 26. Ka1 Re8 27. g5 Bg4 28. Rb1 h5 29. Rb6 Re6 30. Rb8+ Kf7 31. Rhb1 Bc5 32. g6+ Ke7 33. R1b7+ Rxb7 34. Rxb7+ Kd8 35. Rxg7 Be7 36. Rh7 Bxh4 37. g7 Re8 38. Rh8 1-0

[Event "Pardubice Czech op-A 30th"]
[Site "Pardubice"]
[Date "2019.07.20"]
[Round "2"]
[White "Sapale, Saloni"]
[Black "Braeuer, Franz"]
[Result "1/2-1/2"]
[WhiteElo "2151"]
[BlackElo "2445"]
[PlyCount "83"]
[EventDate "2019.07.19"]
[EventType "swiss"]
[EventRounds "9"]
[EventCountry "CZE"]
[SourceTitle "CBM 191"]
[Source "ChessBase"]
[SourceDate "2019.08.31"]
[SourceVersion "1"]
[SourceVersionDate "2019.08.31"]
[SourceQuality "1"]

1. e4 c5 2. Nf3 d6 3. d4 cxd4 4. Nxd4 Nf6 5. Nc3 a6 6. f4 Nbd7 7. a4 g6 8. Bc4 Qc7 9. Qe2 Bg7 10. Nf3 e5 11. 0-0 0-0 12. fxe5 dxe5 13. a5 b5 14. axb6 Nxb6 15. Bb3 Bb7 16. Kh1 Rac8 17. Bg5 Nh5 18. Nd5 Nxd5 19. exd5 h6 20. Bd2 Nf4 21. Qe4 Kh7 22. Ba5 f5 23. Qb4 Qd7 24. Rad1 Rb8 25. Qd2 Ba8 26. Bc3 Rfe8 27. Nxe5 Bxe5 28. Bxe5 Rxe5 29. Qxf4 Qd6 30. Rd3 Rc8 31. Rh3 g5 32. Qxg5 Bxd5 33. Bxd5 Rxd5 34. Qh5 Rdc5 35. Qf7+ Kh8 36. Rg3 Qf8 37. Qxf8+ Rxf8 38. Rg6 Rfc8 39. Rxa6 Rxc2 40. Rxh6+ Kg7 41. Rh3 Rxb2 42. Rg3+ 1/2-1/2

[Event "GER-ch blitz"]
[Site "Magdeburg"]
[Date "2019.05.25"]
[Round "29"]
[White "Barzen, Pascal"]
[Black "Braeuer, Franz"]
[Result "1-0"]
[WhiteElo "2292"]
[BlackElo "2445"]
[PlyCount "101"]
[EventDate "2019.05.25"]
[EventType "tourn (blitz)"]
[EventRounds "29"]
[EventCountry "GER"]
[SourceTitle "CBM 190 Extra"]
[Source "ChessBase"]
[SourceDate "2019.07.15"]
[SourceVersion "1"]
[SourceVersionDate "2019.07.15"]
[SourceQuality "1"]

1. e4 c5 2. Nc3 e6 3. g3 Nc6 4. Bg2 g6 5. d3 Bg7 6. f4 Nge7 7. Nf3 d5 8. 0-0 0-0 9. e5 f6 10. exf6 Bxf6 11. Re1 Qd6 12. Be3 Bd7 13. Nb5 Qb8 14. Bxc5 a6 15. Nbd4 Nd8 16. Ne5 Be8 17. Ng4 Bxd4+ 18. Bxd4 Nf5 19. Be5 Qa7+ 20. d4 Nc6 21. c3 Nxe5 22. fxe5 Qb6 23. Qd2 a5 24. Nf6+ Kg7 25. g4 Ne7 26. Re3 h6 27. Rh3 g5 28. Rf1 Bb5 29. Nh5+ Kh8 30. Rf6 Ng8 31. Qc2 Qc7 32. Rxe6 Qf7 33. Rf6 Nxf6 34. Nxf6 Qg7 35. Qf5 Ra6 36. Bxd5 Be2 37. Re3 Bd1 38. c4 Ba4 39. c5 Bc6 40. Bxc6 Rxc6 41. Rf3 b6 42. Qe4 Rcc8 43. c6 Qf7 44. d5 Rcd8 45. d6 Rc8 46. c7 Rxc7 47. dxc7 Qxc7 48. Qg6 Qc1+ 49. Rf1 Qe3+ 50. Rf2 Qe1+ 51. Kg2 1-0